Lyrics: Bad Moon Rising - Statistics

General Stats
  • This quiz has been taken 10 times
  • The average score is 10 of 24
Answer Stats
Hint Answer % Correct
There's a bad moon on the rise
100%
There's a bad moon on the rise
100%
There's a bad moon on the rise
100%
Chorus Don't go around tonight
56%
Chorus Don't go around tonight
56%
I see trouble on the way
56%
I see earthquakes and lightnin'
44%
Well it's bound to take your life
44%
Well it's bound to take your life
44%
Well it's bound to take your life
44%
Well it's bound to take your life
44%
Verse 3 Hope you got your things together
33%
I fear rivers over flowin'
33%
I hear the voice of rage and ruin
33%
I see bad times today
33%
Verse 1 I see the bad moon a-risin'
33%
Chorus Well don't go around tonight
33%
Don't come around tonight
22%
Verse 2 I hear hurricanes a-blowin'
22%
Looks like we're in for nasty weather
22%
One eye is taken for an eye
22%
There's a bad moon on the rise, alright
22%
Hope you are quite prepared to die
11%
I know the end is comin' soon
11%
No matching quizzes found
Score Distribution
Percent of People with Each Score
Percentile by Number Answered
Your Score History
You have not taken this quiz